|
|
|
|
| LEADER |
00000nam0a2200000 4500 |
| 001 |
120448 |
| 005 |
20231031125011.0 |
| 010 |
|
|
|a 9785969202061
|
| 035 |
|
|
|a (RuTPU)RU\TPU\book\130423
|
| 090 |
|
|
|a 120448
|
| 100 |
|
|
|a 20070829d2008 m y0rusy50 ca
|
| 101 |
0 |
|
|a rus
|
| 102 |
|
|
|a RU
|
| 105 |
|
|
|a a j 001zy
|
| 200 |
1 |
|
|a Статистика
|e учебник
|f Санкт-Петербургский государственный университет экономики и финансов (СПбГУЭФ) ; под ред. И. И. Елисеевой
|
| 210 |
|
|
|a Москва
|c Высшее образование
|d 2008
|
| 215 |
|
|
|a 566 с.
|c ил.
|
| 225 |
1 |
|
|a Университеты России
|
| 320 |
|
|
|a Литература: с. 564-565.
|
| 330 |
|
|
|a В учебнике рассмотрены методы сбора данных, методы вариационного и корреляционного анализа, индексный метод и др. Представлена система показателей статистики населения, национального богатства, инвестиций, уровня жизни населения и др. Особое внимание уделено статистике финансовых институтов (показателей банковской деятельности и страхования). Подробно изложены такие темы статистики финансового рынка, как статистика денежного обращения, цен и инфляции. Отдельная глава посвящена системе национальных счетов по экономике в целом и на региональном уровне, включая показатели, характеризующие макроэкономические процессы. Для студентов, обучающихся по специальности «Финансы и кредит», а также может представлять интерес для студентов других экономических специальностей.
|
| 451 |
|
1 |
|0 (RuTPU)RU\TPU\book\152696
|y 978-5-9692-0361-7
|t Статистика
|o учебник
|f Санкт-Петербургский государственный университет экономики и финансов (СПбГУЭФ) ; под ред. И. И. Елисеевой
|c М.
|n Высшее образование
|d 2009
|p 566 с.
|
| 451 |
|
1 |
|0 (RuTPU)RU\TPU\book\120700
|y 5-482-00788-X
|t Статистика
|o учебник для вузов
|f под ред. И. И. Елисеевой
|c М.
|n Проспект
|d 2006
|p 448 с.
|s Университеты России
|
| 610 |
1 |
|
|a статистика
|
| 610 |
1 |
|
|a теория
|
| 610 |
1 |
|
|a предмет
|
| 610 |
1 |
|
|a метод
|
| 610 |
1 |
|
|a статистические данные
|
| 610 |
1 |
|
|a статистическая информация
|
| 610 |
1 |
|
|a обработка
|
| 610 |
1 |
|
|a средние величины
|
| 610 |
1 |
|
|a вариации
|
| 610 |
1 |
|
|a выборочное наблюдение
|
| 610 |
1 |
|
|a парная линейная регрессия
|
| 610 |
1 |
|
|a индексы
|
| 610 |
1 |
|
|a ряды динамики
|
| 610 |
1 |
|
|a население
|
| 610 |
1 |
|
|a экономическая статистика
|
| 610 |
1 |
|
|a экономические показатели
|
| 610 |
1 |
|
|a труд
|
| 610 |
1 |
|
|a национальное богатство
|
| 610 |
1 |
|
|a рынок недвижимости
|
| 610 |
1 |
|
|a уровень жизни
|
| 610 |
1 |
|
|a национальное счетоводство
|
| 610 |
1 |
|
|a государственные финансы
|
| 610 |
1 |
|
|a налоги
|
| 610 |
1 |
|
|a предприятия
|
| 610 |
1 |
|
|a банковская деятельность
|
| 610 |
1 |
|
|a страхование
|
| 610 |
1 |
|
|a денежное обращение
|
| 610 |
1 |
|
|a цены
|
| 610 |
1 |
|
|a инфляция
|
| 610 |
1 |
|
|a учебники
|
| 686 |
|
|
|a С6я73
|v LBC/SL-A
|2 rubbk
|
| 686 |
|
|
|a У051я73
|v LBC/SL-A
|2 rubbk
|
| 702 |
|
1 |
|a Елисеева
|b И. И.
|g Ирина Ильинична
|4 340
|
| 712 |
0 |
2 |
|a Санкт-Петербургский государственный университет экономики и финансов (СПбГУЭФ)
|c (1991- )
|2 stltpush
|3 (RuTPU)RU\TPU\col\151
|
| 801 |
|
1 |
|a RU
|b 63413507
|c 20070829
|g PSBO
|
| 801 |
|
2 |
|a RU
|b 63413507
|c 20210301
|g PSBO
|
| 900 |
|
|
|a Статистика
|
| 900 |
|
|
|a Теория статистики
|
| 900 |
|
|
|a Социально-экономическая статистика
|
| 900 |
|
|
|a Система национального счетоводства
|
| 942 |
|
|
|c BK
|
| 952 |
|
|
|b 080105
|
| 959 |
|
|
|a 50/20070829
|d 3
|e 149,00
|f АНЛ:2
|f ЧЗГЛ:1
|